| 000 | 01485nam a22002537a 4500 | ||
|---|---|---|---|
| 003 | OSt | ||
| 005 | 20160620110033.0 | ||
| 008 | 150407b2011 slv spa | ||
| 040 | _cBMC | ||
| 082 | _a004.21 | ||
| 100 | 1 |
_934544 _aRivas Monroy, David Ernesto |
|
| 245 | 1 |
_aAplicación informática de control de inventario de producto terminado y facturación para las PYMES de calzado de la zona occidental. Caso práctico distribuidora de calzado americano de la ciudad de Chalchuapa _b: Informe final de proyecto de graduación _cDavid Ernesto Rivas Monroy, Mauricio Antonio Padilla Vásquez, Oscar René Guevara Martinez ; asesor, Marvin Iván Pérez Espinoza |
|
| 260 |
_aSanta Ana (El Salvador) _bUniversidad Católica de El Salvador _c2011 |
||
| 300 |
_a1 v. (pág. var.) _bil. col. _c27 cm _e+ 2 discos compactos |
||
| 500 | _aPrecede al tít.: Universidad Católica de El Salvador, Facultad de Ciencias Empresariales | ||
| 500 | _aTomo 1 CD No.1032056 (Informe final) Tomo 2 CD No. 1032059 (Instalación) | ||
| 502 | _aTrabajo de graduación para optar al grado académico de Licenciatura en Sistemas Informáticos Administrativos | ||
| 650 | 2 | 4 |
_91736 _aAdministración de sistemas de información |
| 700 | 1 |
_934545 _aPadilla Vásquez, Mauricio Antonio |
|
| 700 | 1 |
_934546 _aGuevara Martínez, Oscar René |
|
| 700 | 1 |
_933680 _aPérez Espinoza, Marvin Iván |
|
| 710 | 2 |
_91067 _aUniversidad Católica de El Salvador _bFacultad de Ciencias Empresariales |
|
| 942 |
_2ddc _cTG |
||
| 999 |
_c21065 _d21065 |
||